| 000 | 00653nam a2200229 a 4500 | ||
|---|---|---|---|
| 005 | 20230130063540.0 | ||
| 008 | 020122s1986 mx r 000 0 eng d | ||
| 020 | _a8486256127 | ||
| 035 | _aUPN01000114869 | ||
| 049 | _aCG | ||
| 050 | 4 |
_aRC469 _bL4.2 1986 |
|
| 100 | 1 | _aLeón-Carrión, José | |
| 245 | 1 | 0 |
_aDiagnóstico clínico en psicología / _cJosé León-Carrión. |
| 250 | _a2a ed. | ||
| 260 |
_aSevilla, Esp. : _bAlfar, _c1986. |
||
| 300 | _a370 p. | ||
| 440 | 0 |
_aAlfar universidad ; _v7. _pManuales |
|
| 650 | 4 |
_aPsicodiagnóstico _916014 |
|
| 650 | 4 | _aPRUEBAS PSICOLOGICAS | |
| 650 | 2 |
_aEvaluación psicológica _98411 |
|
| 905 | _aLibro | ||
| 999 |
_c88617 _d88617 |
||